Histoire du drapeau du Zimbabwe - Statistiques

Statistiques générales
  • Ce quiz a été pris 38 fois
    4 depuis la dernière actualisation
  • Le résultat moyen est 5 sur 7
Statistiques - réponses
Hint Réponse % Correct
Zimbabwe-Rhodésie (1979)
100%
Zimbabwe (drapeau actuel depuis 1980)
100%
Compagnie anglaise d'Afrique (1890-1924)
67%
Fédération de Rhodésie et du Nyassaland (1953-1963)
67%
Rhodésie du Sud (1924-1953, 1963-1964 et 1979-1980)
67%
Deuxième drapeau de la Rhodésie (1968-1979)
33%
Premier drapeau de la Rhodésie (1964-1968)
33%
Aucun quiz correspondant
Distribution des résultats
% des personnes avec chaque résultat
Percentile par nombre de réponses
Votre historique - résultats
Vous n’avez pas pris ce quiz depuis la dernière actualisation